000 00201 a2200097 4500
001 22908
100 _aHartog, J P D
245 _aStrength of Materials
260 _a
_bDover
_c
090 _c15505
_d15505
942 _aNUST-CAE
_cM
_c6120
999 _c257981
_d257981